000 00289 a2200145 4500
001 172966
020 _a
040 _cMagnum
100 _aMálus
240 1 0 _aPirilampo, o vaga-lume
_lpor
245 1 0 _aPirilampo, o vaga-lume
362 0 _a1899
697 _aI/ANIMAIS
942 _cBK
999 _c172966
_d172966